100 CASES : CLINICAL MEDICINE (Record no. 6683)
[ view plain ]
| 000 -LEADER | |
|---|---|
| fixed length control field | 00344nam a2200145Ia 4500 |
| 008 - FIXED-LENGTH DATA ELEMENTS--GENERAL INFORMATION | |
| fixed length control field | 150301s2014 xx 000 0 und d |
| 082 ## - DEWEY DECIMAL CLASSIFICATION NUMBER | |
| Classification number | 614.024 |
| Item number | C14R |
| 100 ## - MAIN ENTRY--PERSONAL NAME | |
| Personal name | REES, P. JOHN |
| 245 ## - TITLE STATEMENT | |
| Title | 100 CASES : CLINICAL MEDICINE |
| 250 ## - EDITION STATEMENT | |
| Edition statement | 3RD |
| 260 ## - PUBLICATION, DISTRIBUTION, ETC. (IMPRINT) | |
| Name of publisher, distributor, etc. | CRE PRESS |
| Date of publication, distribution, etc. | 2014 |
| 300 ## - PHYSICAL DESCRIPTION | |
| Extent | 202 |
| 650 ## - SUBJECT ADDED ENTRY--TOPICAL TERM | |
| Topical term or geographic name as entry element | GENERAL MEDICINE |
| 942 ## - ADDED ENTRY ELEMENTS (KOHA) | |
| Source of classification or shelving scheme | Dewey Decimal Classification |
| Koha item type | Books |
| Koha issues (borrowed), all copies | 7 |
| Withdrawn status | Lost status | Source of classification or shelving scheme | Damaged status | Not for loan | Collection code | Home library | Current library | Shelving location | Date acquired | Source of acquisition | Cost, normal purchase price | SGTU | Bill Number | Total Checkouts | Full call number | Barcode | Date last seen | Date last checked out | Bill Date | Koha item type |
|---|---|---|---|---|---|---|---|---|---|---|---|---|---|---|---|---|---|---|---|---|
| Dewey Decimal Classification | MEDICAL | SGT Medical Library | SGT Medical Library | Reference Book | 02/07/2015 | ABC DELHI | 0.00 | SGTU | 4960 | 2 | 614.024 C14R | FM7006 | 19/06/2024 | 18/06/2024 | 25/10/2014 | Books | ||||
| Dewey Decimal Classification | MEDICAL | SGT Medical Library | SGT Medical Library | Reference Book | 02/07/2015 | ABC DELHI | 0.00 | SGTU | 4960 | 7 | 614.024 C14R | FM7007 | 18/09/2023 | 09/09/2023 | 25/10/2014 | Books | ||||
| Dewey Decimal Classification | Not For Loan | MEDICAL | SGT Medical Library | SGT Medical Library | Reference Book | 02/07/2015 | ABC DELHI | 0.00 | SGTU | 4960 | 614.024 C14R | FM7008 | 02/07/2015 | 25/10/2014 | Books | |||||
| Withdrawn | Dewey Decimal Classification | Not For Loan | MEDICAL | SGT Medical Library | SGT Medical Library | Reference Book | 02/07/2015 | ABC DELHI | 0.00 | SGTU | 4960 | 614.024 C14R | FM7009 | 02/07/2015 | 25/10/2014 | Books | ||||
| Dewey Decimal Classification | Not For Loan | MEDICAL | SGT Medical Library | SGT Medical Library | Reference Book | 02/07/2015 | ABC DELHI | 0.00 | SGTU | 4960 | 614.024 C14R | FM7010 | 10/04/2021 | 25/10/2014 | Books |